Estatutos y reglamentos de la Compañía General de Crédito en España (Record no. 180334)
[ view plain ]
| 000 -LEADER | |
|---|---|
| campo de control de longitud fija | 00637nam a2200133 i 4500 |
| 001 - NÚMERO DE CONTROL | |
| campo de control | 180334 |
| 003 - IDENTIFICADOR DE NÚMERO DE CONTROL | |
| campo de control | ES-MaACL |
| 005 - FECHA Y HORA DE LA ÚLTIMA TRANSACCIÓN | |
| campo de control | 20230906221050.0 |
| 008 - DATOS DE LONGITUD FIJA--INFORMACIÓN GENERAL | |
| campo de control de longitud fija | 120529s1856 sp |||| | spa d |
| 110 2# - ENTRADA PRINCIPAL--NOMBRE DE ENTIDAD CORPORATIVA | |
| Nombre de entidad corporativa o nombre de jurisdicción como elemento de entrada | Compañia General de Crédito en España. |
| 9 (RLIN) | 3120 |
| 245 10 - MENCIÓN DEL TÍTULO | |
| Título | Estatutos y reglamentos de la Compañía General de Crédito en España |
| Resto del título | : seguidos de las disposiciones del gobierno relativas á su organización y constitución, de algunos acuerdos de la primera junta general, de las leyes de sociedades anónimas de crédito, y de las de concesión de dicha Compañía. |
| 300 ## - DESCRIPCIÓN FÍSICA | |
| Extensión | 30 p. ; |
| Dimensiones | 21 cm. |
| 852 ## - LOCALIZACIÓN | |
| Ubicación | ES-MaACL |
| Número de control de estantería | T-803-F-12 |
| Estatus retirado | Estado de pérdida | Estado de daño | No para préstamo | Colección | Biblioteca de origen | Biblioteca actual | Ubicación en estantería | Fecha de adquisición | Fuente de adquisición | Total de préstamos | Signatura topográfica completa | Código de barras | Visto por última vez | Precio de reemplazo | Tipo de ítem Koha |
|---|---|---|---|---|---|---|---|---|---|---|---|---|---|---|---|
| Colección de folletos | Biblioteca del Ateneo de Madrid | Biblioteca del Ateneo de Madrid | Depósito folletos | 29/05/2012 | T-803-F-12 | 1189490 | 23/02/2023 | 23/02/2023 | Folleto |
